| 000 | 00580nam a22001937a 4500 | ||
|---|---|---|---|
| 999 |
_c164567 _d164567 |
||
| 005 | 20190522172759.0 | ||
| 010 | _aENG-125271 | ||
| 020 |
_a9788191007695 _c195.00 |
||
| 035 | _aEN-108803 | ||
| 037 | _bDBAD/PUB | ||
| 082 | _a230.31 | ||
| 100 | _aAhuja, M.L. | ||
| 245 |
_aLord Krishna and pranami faith / _cby M.L. Ahuja |
||
| 260 |
_aDelhi _bShri Prannaath Mission _c2012 |
||
| 270 |
_aHakikat Nagar, Mall Road _bDelhli _e110009 |
||
| 300 |
_a138p. _c22cm(pbk) |
||
| 500 | _aIncludes bibliographical references and index | ||
| 942 |
_2ddc _cEN _h230.31 _mAHU |
||